00703nam a22001817a 4500999001900000005001700019010001500036020002600051035001400077037001300091082001100104245010000115260005400215270007900269300002700348942002500375952012100400 c191131d19113120220818165545.0 aENG-134513 a9789354422126c800.00 aEN-118045 bDBAD/PUB a954.65 aBangladesh:bWritings on 1971, Across Borders/cEdited by Rakhshanda Jalil and Debjani Sengupta aHyderabadbOrient Blackswan Private Limitedc2022 a3-6-752 HimayatnagarbHyderabade500029mcentraloffice@orientblackswan.com axiii, 276p.c22cm(pbk) 2ddccENh954.65mBAN 001040708NFICaAVbAVd2022-08-18eDBAD/PUBg800.00l0o954.65 BANpEN-118045r2022-08-18 00:00:00t1v800.00yEN